Out in the cold / (Record no. 2691)
[ view plain ]
| 000 -LEADER | |
|---|---|
| fixed length control field | 01278cam a2200373 a 4500 |
| 001 - CONTROL NUMBER | |
| control field | 228481 |
| 003 - CONTROL NUMBER IDENTIFIER | |
| control field | GBCCL |
| 005 - DATE AND TIME OF LATEST TRANSACTION | |
| control field | 20241126110436.0 |
| 008 - FIXED-LENGTH DATA ELEMENTS--GENERAL INFORMATION | |
| fixed length control field | 980203s1998 tnu c 000 1 eng |
| 010 ## - | |
| -- | 98005571 |
| 020 ## - INTERNATIONAL STANDARD BOOK NUMBER | |
| International Standard Book Number | 0849958369 |
| 020 ## - INTERNATIONAL STANDARD BOOK NUMBER | |
| International Standard Book Number | 9780849958366 |
| 035 ## - SYSTEM CONTROL NUMBER | |
| System control number | (OCoLC)ocm38504293 |
| 035 ## - SYSTEM CONTROL NUMBER | |
| System control number | (OCoLC)38504293 |
| 040 ## - CATALOGING SOURCE | |
| Original cataloging agency | DLC |
| Language of cataloging | eng |
| Transcribing agency | DLC |
| Modifying agency | BAKER |
| -- | BTCTA |
| -- | OCLCG |
| -- | GRR |
| -- | OCLCQ |
| -- | OCLCO |
| -- | LBB |
| 042 ## - | |
| -- | lcac |
| 049 ## - | |
| -- | LBBI |
| 050 00 - | |
| -- | PZ7.K633523 |
| -- | Ou 1998 |
| 082 00 - DEWEY DECIMAL CLASSIFICATION NUMBER | |
| Classification number | 813.54 |
| Edition information | 21 |
| Item number | KIR |
| 099 ## - LOCAL FREE-TEXT CALL NUMBER (OCLC) | |
| Classification number | K6311w v.2 |
| 100 1# - MAIN ENTRY--PERSONAL NAME | |
| Personal name | Kirby, Lynn, |
| Dates associated with a name | 1956- |
| 9 (RLIN) | 5680 |
| 245 10 - TITLE STATEMENT | |
| Title | Out in the cold / |
| Statement of responsibility, etc. | Lynn Kirby. |
| 260 ## - PUBLICATION, DISTRIBUTION, ETC. | |
| Place of publication, distribution, etc. | Nashville : |
| Name of publisher, distributor, etc. | Tommy Nelson, |
| Date of publication, distribution, etc. | c1998. |
| 300 ## - PHYSICAL DESCRIPTION | |
| Extent | viii, 120 p. ; |
| Dimensions | 19 cm. |
| 490 1# - SERIES STATEMENT | |
| Series statement | The winning edge series ; |
| Volume/sequential designation | 2 |
| 520 ## - SUMMARY, ETC. | |
| Summary, etc. | While trying to keep up with her friends in the field of competitive ice skating, Shannon struggles to trust God with her problems. |
| 650 #1 - SUBJECT ADDED ENTRY--TOPICAL TERM | |
| Topical term or geographic name entry element | Ice skating |
| Form subdivision | Fiction. |
| 9 (RLIN) | 5669 |
| 650 #1 - SUBJECT ADDED ENTRY--TOPICAL TERM | |
| Topical term or geographic name entry element | Christian life |
| Form subdivision | Fiction. |
| 9 (RLIN) | 533 |
| 650 #0 - SUBJECT ADDED ENTRY--TOPICAL TERM | |
| Topical term or geographic name entry element | Skating |
| Form subdivision | Fiction. |
| 9 (RLIN) | 5681 |
| 650 #0 - SUBJECT ADDED ENTRY--TOPICAL TERM | |
| Topical term or geographic name entry element | Religious fiction. |
| 9 (RLIN) | 5682 |
| 800 1# - | |
| -- | Kirby, Lynn, |
| -- | 1956- |
| -- | Winning edge series ; |
| -- | 2. |
| -- | 5683 |
| 856 42 - ELECTRONIC LOCATION AND ACCESS | |
| Materials specified | Publisher description |
| Uniform Resource Identifier | <a href="http://catdir.loc.gov/catdir/enhancements/fy0609/98005571-d.html">http://catdir.loc.gov/catdir/enhancements/fy0609/98005571-d.html</a> |
| 942 ## - ADDED ENTRY ELEMENTS (KOHA) | |
| Source of classification or shelving scheme | Dewey Decimal Classification |
| Koha item type | Books |
| Withdrawn status | Lost status | Source of classification or shelving scheme | Damaged status | Not for loan | Home library | Current Library | Shelving location | Date acquired | Total checkouts | Full call number | Barcode | Date last seen | Copy number | Price effective from | Koha item type |
|---|---|---|---|---|---|---|---|---|---|---|---|---|---|---|---|
| Dewey Decimal Classification | GRACE BIBLE COLLEGE | GRACE BIBLE COLLEGE | General Studies | 2017-09-12 | 813.54 KIR | 007958 | 2025-05-01 | c.1 | 2017-09-12 | Books | |||||
| Dewey Decimal Classification | GRACE BIBLE COLLEGE | GRACE BIBLE COLLEGE | General Studies | 2017-09-12 | 813.54 KIR | 007959 | 2025-05-01 | c.2 | 2017-09-12 | Books | |||||
| Dewey Decimal Classification | GRACE BIBLE COLLEGE | GRACE BIBLE COLLEGE | General Studies | 2017-09-12 | 813.54 KIR | 007960 | 2025-05-01 | c.3 | 2017-09-12 | Books |